| 000 | 00483 a2200157 4500 | ||
|---|---|---|---|
| 999 |
_c12792 _d12792 |
||
| 003 | OSt | ||
| 005 | 20240711183726.0 | ||
| 008 | 240711b ||||| |||| 00| 0 eng d | ||
| 020 | _a9781616897178 | ||
| 082 | _a720.92 | ||
| 100 | _aChristopher Domin | ||
| 245 | _aPowerhouse: The Life and Work of Architect Judith Chafee (first book on an important American Southwest award-winning architect) | ||
| 260 |
_b Princeton Architectural Press _c2019 |
||
| 300 | _a272p; | ||
| 942 | _2ddc | ||